From Lisbon Strategy to Europe 2020: Implications for Slovakia

Znalostná ekonomika a Európska únia. Ciele stratégie Európa 2020 a Slovenská republika.

Gespeichert in:
Bibliographische Detailangaben
1. Verfasser: Gonda, Vladimír
Format: Buchkapitel
Sprache:Englisch
Schlagworte:
Tags: Tag hinzufügen
Keine Tags, Fügen Sie das erste Tag hinzu!

MARC

LEADER 00000naa$a2200000$$$4500
001 0178934
005 20240502083421.6
041 0 |a eng 
044 |a PL 
245 1 0 |a From Lisbon Strategy to Europe 2020: Implications for Slovakia  |c Vladimír Gonda 
520 |a Znalostná ekonomika a Európska únia. Ciele stratégie Európa 2020 a Slovenská republika. 
610 2 0 |a Európska únia 
610 2 0 |a Slovensko 
610 2 0 |a ekonomika znalostná 
610 2 0 |a výskum 
610 2 0 |a vývoj 
610 2 0 |a kríza finančná 
610 2 0 |a kríza hospodárska 
610 2 0 |a lisabonská stratégia 
100 1 |a Gonda, Vladimír